Laddar...

PALAZHIMATHANAM ATTAKATHA

Bibliografiska uppgifter
Övriga upphovsmän: SAROJINI,P.P
Materialtyp: Printed Book
Publicerad: KUMARAPURAM ORIENTAL RESEARCH INSTITUTE AND MANUSCRIPT LIBRARY 19821157
Ämnen:
LEADER 00517nam a2200169 4500
020
082 |a 793.32A SAR 
100
245 |a PALAZHIMATHANAM ATTAKATHA  |h English 
250
260 |a KUMARAPURAM  |b ORIENTAL RESEARCH INSTITUTE AND MANUSCRIPT LIBRARY  |c 19821157 
300 |a 72 p  |f PB 
650 |a PALAZHIMATHANAM ATTAKATHA 
700 |a SAROJINI,P.P 
942 |c TB 
999 |c 151115  |d 151115 
952 |0 0  |1 0  |4 0  |6 793_000000000000000_32A_SAR  |7 0  |9 164575  |a ORI  |b ORI  |l 0  |o 793.32A SAR  |p ORI5158/M  |r 2019-10-25  |w 2019-10-25  |y TB